Catholic University of Zimbabwe Library
Online Public Access Catalogue
(OPAC)

The Truth Will Make You Free (Record no. 8739)

MARC details
000 -LEADER
fixed length control field 00331 a2200109 4500
005 - DATE AND TIME OF LATEST TRANSACTION
control field 20191017172327.0
041 ## - LANGUAGE CODE
Language code of text/sound track or separate title English
084 ## - OTHER CLASSIFICATION NUMBER
Classification number NONE
111 ## - MAIN ENTRY--MEETING NAME
Meeting name or jurisdiction name as entry element Churches in Manicaland (Organization)
245 ## - TITLE STATEMENT
Title The Truth Will Make You Free
Remainder of title : A compendium of Christian Social Teaching
Medium Text
260 ## - PUBLICATION, DISTRIBUTION, ETC.
Place of publication, distribution, etc. Mutare
Name of publisher, distributor, etc. Churches in Manicaand
Date of publication, distribution, etc. 2006
650 ## - SUBJECT ADDED ENTRY--TOPICAL TERM
Topical term or geographic name entry element RELIGION

No items available.

OPENING HOURS

Weekdays: 0815hrs - 1800hrs
Weekends:0900hrs - 1200hrs

Closed for Mass:

Mon, Thur: 1200hrs - 1300hrs
Sunday & Public Holiday’s

CALL SUPPORT

0242-570570, 0242-570169
09200664, +263 8644140602

LOCATION

18443, Cranborne Avenue, Hatfield, Harare

Other Links


©2021 | CUZ Library